[Event "New Year Open 2023"]
[Site "?"]
[Date "2023.01.06"]
[Round "1"]
[White "Robinson, David"]
[Black "Young, Alan"]
[Result "1-0"]
[WhiteElo "1830"]
[BlackElo "2062"]
[PlyCount "103"]
[SourceVersionDate "2023.01.13"]

1. d4 d5 2. Nf3 Nf6 3. e3 Bg4 4. c4 dxc4 5. Bxc4 e6 6. O-O a6 7. b3 Bd6 8. Bb2 Nc6 9. Be2 O-O 10. Nbd2 Re8 11. Nc4 Bf8 12. Rc1 Nd5 13. Nce5 Nxe5 14. Nxe5 Bxe2 15. Qxe2 c6 16. f4 f6 17. Nd3 f5 18. Rf3 Nf6 19. Ne5 Qa5 20. Bc3 Qb5 21. Qe1 a5 22. Rc2 a4 23. bxa4 Rxa4 24. Rff2 Rea8 25. Ba1 Rb4 26. Rc1 Qd5 27. Rcc2 Rba4 28. Qb1 Ne4 29. Rfe2 Rb4 30. Qc1 Qb5 31. Re1 Raa4 32. Qd1 Qa6 33. Ree2 Rb5 34. g3 Rba5 35. Qb1 Rb4 36. Qc1 Rab5 37. Rb2 Rxb2 38. Rxb2 Ra5 39. Qc4 Qxc4 40. Nxc4 Ra4 41. Rc2 Rb4 42. Kg2 Rb1 43. Bc3 b5 44. Ne5 Nxc3 45. Rxc3 Rb2+ 46. Kh3 Rxa2 47. Rxc6 b4 48. Rxe6 b3 49. Rb6 Rb2 50. Rb8 g6 51. Nd7 Ra2 52. Rxf8+ 1-0

[Event "New Year Open 2023"]
[Site "?"]
[Date "2023.01.06"]
[Round "1"]
[White "Garcia, Jason"]
[Black "Taylor, Robert"]
[Result "1-0"]
[WhiteElo "2006"]
[BlackElo "1805"]
[PlyCount "113"]
[SourceVersionDate "2023.01.13"]

1. Nf3 c5 2. c4 g6 3. d4 cxd4 4. Nxd4 Bg7 5. e4 Nc6 6. Be3 Nf6 7. Nc3 O-O 8. Be2 Qa5 9. O-O d6 10. Nb3 Qd8 11. f3 b6 12. Rc1 Be6 13. Qd2 Ne5 14. Nd5 Rc8 15. Nd4 Qd7 16. Bh6 Bxd5 17. Bxg7 Kxg7 18. cxd5 Rc5 19. b4 Rxc1 20. Rxc1 Rc8 21. Bb5 Qd8 22. Rc3 a5 23. a3 axb4 24. axb4 Rxc3 25. Qxc3 Qa8 26. Nc6 Qa2 27. Nxe7 Nh5 28. g3 Qb1+ 29. Bf1 Kf8 30. Nc6 Qd1 31. Nxe5 dxe5 32. Kg2 Ng7 33. Bb5 Nh5 34. Qxe5 Qd2+ 35. Kh3 Qh6 36. Qh8+ Ke7 37. d6+ Kxd6 38. Qd8+ Ke5 39. Qe7+ Kd4 40. Qd6+ Kc3 41. Qd3+ Kb2 42. Kg2 Qg5 43. Qd4+ Kc1 44. Qc3+ Kd1 45. Ba4+ Ke2 46. Qc4+ Ke1 47. Qf1+ Kd2 48. f4 Qe7 49. Qf2+ Kc3 50. Qe1+ Kc4 51. Bd1 Qxb4 52. Qe3 Qb2+ 53. Be2+ Kb4 54. Qxb6+ Kc3 55. Qxb2+ Kxb2 56. Bxh5 gxh5 57. e5 1-0

[Event "New Year Open 2023"]
[Site "?"]
[Date "2023.01.06"]
[Round "1"]
[White "Thomas, Roy"]
[Black "Homer, Stephen"]
[Result "0-1"]
[WhiteElo "1677"]
[BlackElo "1973"]
[PlyCount "54"]
[SourceVersionDate "2023.01.13"]

1. f4 d5 2. Nf3 g6 3. e3 Nf6 4. Be2 Bg7 5. O-O c5 6. d3 Nc6 7. Nc3 O-O 8. e4 d4 9. Na4 Nd7 10. b3 b5 11. Nb2 a6 12. a4 Bb7 13. Qe1 e6 14. Bd2 Re8 15. c4 dxc3 16. Bxc3 Bh6 17. g3 b4 18. Bd2 Na5 19. Bd1 Nb6 20. Qf2 Bg7 21. Rb1 Rc8 22. Ne5 f6 23. Nf3 Bf8 24. Be3 f5 25. Nd2 Bg7 26. Bxc5 Rxc5 27. Qxc5 Bd4+ 0-1

[Event "New Year Open 2023"]
[Site "?"]
[Date "2023.01.06"]
[Round "1"]
[White "Fathallah, Joe"]
[Black "Dixon, Chris"]
[Result "1-0"]
[WhiteElo "1971"]
[BlackElo "1675"]
[PlyCount "55"]
[SourceVersionDate "2023.01.13"]

1. d4 Nf6 2. c4 e6 3. Nc3 d5 4. cxd5 exd5 5. Bg5 Be7 6. e3 O-O 7. Bd3 c6 8. Qc2 Nbd7 9. Nge2 Re8 10. O-O Nf8 11. f3 Be6 12. e4 dxe4 13. fxe4 Rc8 14. Rad1 a6 15. Qd2 b5 16. e5 Nd5 17. Bxe7 Qxe7 18. Ne4 Rc7 19. Nf6+ Nxf6 20. exf6 gxf6 21. Ng3 Bg4 22. Rde1 Qd8 23. Rxe8 Qxe8 24. Ne4 Nd7 25. Rxf6 Kh8 26. Nd6 Nxf6 27. Nxe8 Nxe8 28. Qh6 1-0

[Event "New Year Open 2023"]
[Site "?"]
[Date "2023.01.06"]
[Round "1"]
[White "Morgans, Justin"]
[Black "Gay, Conor"]
[Result "0-1"]
[WhiteElo "1637"]
[BlackElo "1937"]
[PlyCount "94"]
[SourceVersionDate "2023.01.13"]

1. d4 Nf6 2. Nf3 c5 3. e3 cxd4 4. exd4 d5 5. Be2 Bf5 6. O-O e6 7. c3 Bd6 8. Bg5 Nbd7 9. Nbd2 h6 10. Bh4 O-O 11. Re1 Rb8 12. a4 Qc7 13. Nf1 Ne4 14. Bg3 Rfc8 15. Bxd6 Nxd6 16. Ng3 Bh7 17. Bd3 Bxd3 18. Qxd3 b5 19. Reb1 b4 20. cxb4 Rxb4 21. b3 Qc2 22. Qxc2 Rxc2 23. h3 a5 24. Kf1 Ne4 25. Nxe4 dxe4 26. Ne5 Nxe5 27. dxe5 Kh7 28. Rc1 Rd2 29. Rc3 Kg6 30. Rac1 Kf5 31. Rc5 Rxb3 32. R5c2 Rxc2 33. Rxc2 Rb4 34. Rc7 Kg6 35. Ke2 Rxa4 36. Ke3 Kf5 37. Rxf7+ Kxe5 38. Rxg7 Ra3+ 39. Ke2 a4 40. Rg6 Ra2+ 41. Ke3 Ra3+ 42. Ke2 Rb3 43. Rxh6 a3 44. Rh5+ Kd4 45. Ra5 Rb2+ 46. Ke1 a2 47. Ra4+ Ke5 0-1

[Event "New Year Open 2023"]
[Site "?"]
[Date "2023.01.06"]
[Round "1"]
[White "Gay, Simon"]
[Black "Bennett, Tom"]
[Result "0-1"]
[WhiteElo "1928"]
[BlackElo "1629"]
[PlyCount "80"]
[SourceVersionDate "2023.01.13"]

1. e4 c5 2. Nc3 Nc6 3. Bb5 g6 4. Bxc6 dxc6 5. f4 Nf6 6. Nf3 Bg7 7. d3 Bg4 8. O-O Nd7 9. Bd2 Nf8 10. Qe1 Bxf3 11. Rxf3 Ne6 12. Rc1 Nd4 13. Rh3 Qd7 14. Nd1 Qxh3 15. gxh3 Nf3+ 16. Kf2 Nxe1 17. Bxe1 Bd4+ 18. Kf3 Bg7 19. c3 O-O-O 20. Ke2 Rd7 21. Bg3 h5 22. h4 Bh6 23. Rc2 Rhd8 24. Nf2 f6 25. h3 e6 26. Kf3 g5 27. Re2 gxf4 28. Bxf4 Bxf4 29. Kxf4 Rg8 30. a3 Rg2 31. Kf3 Rdg7 32. Re3 R7g3+ 33. Ke2 Rxe3+ 34. Kxe3 Kd7 35. b4 cxb4 36. axb4 b6 37. Kf3 Rg1 38. Ke2 a5 39. bxa5 bxa5 40. d4 Rg2 0-1

[Event "New Year Major 2023"]
[Site "?"]
[Date "2023.01.08"]
[Round "5"]
[White "Sharhorodsky, Yaroslav"]
[Black "Philpin, Les"]
[Result "1/2-1/2"]
[WhiteElo "1721"]
[BlackElo "1722"]
[PlyCount "54"]
[SourceVersionDate "2023.01.13"]

1. Nf3 Nc6 2. d4 e6 3. c4 Nf6 4. g3 Bb4+ 5. Bd2 Bxd2+ 6. Nbxd2 Ne7 7. e4 d5 8. cxd5 exd5 9. e5 Nd7 10. e6 fxe6 11. Ng5 Nf6 12. Qe2 O-O 13. Nxe6 Bxe6 14. Qxe6+ Kh8 15. Bb5 c6 16. Bd3 Re8 17. O-O Nc8 18. Qh3 Nd6 19. Nf3 Qd7 20. Qh4 Qg4 21. Qxg4 Nxg4 22. Rae1 Nf6 23. Re5 Nf7 24. Ree1 Rad8 25. Ne5 Nd6 26. f4 Kg8 27. Kg2 Nfe4 1/2-1/2

[Event "New Year Major 2023"]
[Site "?"]
[Date "2023.01.08"]
[Round "5"]
[White "Parsons, David"]
[Black "Binesmael, Mohamed"]
[Result "0-1"]
[WhiteElo "1596"]
[BlackElo "1548"]
[PlyCount "96"]
[SourceVersionDate "2023.01.13"]

1. d4 Nf6 2. Nf3 e6 3. e3 c5 4. Bd3 d5 5. b3 a6 6. Bb2 b5 7. dxc5 Bxc5 8. O-O Nbd7 9. Nbd2 Bb7 10. Qe2 Rc8 11. Ne5 Nf8 12. Bxb5+ axb5 13. Qxb5+ N8d7 14. Qxb7 Nxe5 15. Bxe5 O-O 16. Qb5 Nd7 17. Bb2 Bd6 18. Qd3 Nc5 19. Qe2 e5 20. Rac1 e4 21. Rfd1 Re8 22. Qg4 Ne6 23. c4 f5 24. Qe2 d4 25. Bxd4 Qh4 26. Nf1 Ng5 27. Bb2 Re6 28. Rxd6 Rxd6 29. Be5 Rg6 30. Bg3 Qh6 31. c5 Rgc6 32. b4 Ne6 33. Rd1 g5 34. Be5 Qg6 35. Rd7 Rf8 36. Qc4 Rf7 37. Rd6 Rxd6 38. Bxd6 f4 39. b5 f3 40. Ng3 h5 41. Nxe4 h4 42. c6 Qf5 43. Nd2 fxg2 44. f3 h3 45. b6 Qf6 46. Qc1 Nd4 47. Kf2 Qxf3+ 48. Nxf3 Rxf3+ 0-1

[Event "New Year Major 2023"]
[Site "?"]
[Date "2023.01.08"]
[Round "5"]
[White "Hurn, Robert"]
[Black "Norris, David"]
[Result "1/2-1/2"]
[WhiteElo "1610"]
[BlackElo "1468"]
[PlyCount "40"]
[SourceVersionDate "2023.01.13"]

1. d4 Nf6 2. c4 e6 3. Nc3 Bb4 4. e3 c5 5. a3 Bxc3+ 6. bxc3 b6 7. Bd3 Bb7 8. Ne2 O-O 9. O-O d5 10. cxd5 Qxd5 11. f3 cxd4 12. cxd4 e5 13. e4 Qd6 14. dxe5 Qxe5 15. Bf4 Qc5+ 16. Kh1 Rd8 17. Qb3 Nc6 18. Rac1 Nd4 19. Qb2 Nxe2 20. Bxe2 Qd4 1/2-1/2

[Event "New Year Major 2023"]
[Site "?"]
[Date "2023.01.08"]
[Round "5"]
[White "Peters, Chris"]
[Black "Frame, Robert"]
[Result "1-0"]
[WhiteElo "1537"]
[BlackElo "1042"]
[PlyCount "83"]
[SourceVersionDate "2023.01.13"]

1. e4 c5 2. d4 cxd4 3. c3 dxc3 4. Nxc3 g6 5. Nf3 Bg7 6. Bc4 Bxc3+ 7. bxc3 Nc6 8. O-O e6 9. Re1 Qa5 10. Bb2 Ne5 11. Bb3 f6 12. c4 Nxf3+ 13. Qxf3 e5 14. Rad1 Qc5 15. Rd5 Qc6 16. Red1 Qe6 17. Rd6 Qe7 18. c5 Nh6 19. Bd5 Nf7 20. Bxf7+ Kxf7 21. Bc1 Kg7 22. Qh3 Rd8 23. Bh6+ Kg8 24. Qf3 b6 25. c6 Ba6 26. c7 Rdc8 27. Rxd7 Qe6 28. Rd8+ Kf7 29. R1d7+ Qxd7 30. Rxd7+ Ke6 31. Rd8 Rxd8 32. Qb3+ Ke7 33. Qa3+ Rd6 34. h4 Kd7 35. Qxa6 Kxc7 36. Qc4+ Kb7 37. Qf7+ Kc6 38. Qxh7 f5 39. exf5 gxf5 40. Qxf5 Rxh6 41. Qe4+ Kc5 42. Qxa8 1-0

[Event "New Year Major 2023"]
[Site "?"]
[Date "2023.01.08"]
[Round "5"]
[White "Teisar, Vince"]
[Black "Hollyman, Mike"]
[Result "0-1"]
[WhiteElo "850"]
[BlackElo "1442"]
[PlyCount "52"]
[SourceVersionDate "2023.01.13"]

1. d4 Nf6 2. Bf4 d5 3. Nc3 Bf5 4. e3 a6 5. Bd3 Bxd3 6. Qxd3 e6 7. Nf3 Nbd7 8. Ne5 Nh5 9. Bg3 Nxg3 10. hxg3 Nxe5 11. dxe5 g6 12. O-O-O c5 13. Ne2 Qa5 14. a3 b5 15. Qc3 Qd8 16. Qd3 Rc8 17. f4 Qc7 18. g4 c4 19. Qc3 a5 20. e4 b4 21. axb4 axb4 22. Qf3 c3 23. Qd3 Qa5 24. bxc3 bxc3 25. Nxc3 Rxc3 26. Qxc3 Qxc3 0-1

[Event "New Year Major 2023"]
[Site "?"]
[Date "2023.01.08"]
[Round "5"]
[White "Belochkin, David"]
[Black "Holland, Lyn"]
[Result "0-1"]
[WhiteElo "1300"]
[BlackElo "1443"]
[PlyCount "72"]
[SourceVersionDate "2023.01.14"]

1. d4 d5 2. Bf4 Nf6 3. Nf3 Bf5 4. e3 e6 5. c3 Be7 6. Bd3 Bxd3 7. Qxd3 Nbd7 8. Nbd2 O-O 9. O-O c5 10. Ne5 cxd4 11. exd4 Nxe5 12. Bxe5 Bd6 13. Bg3 Qc7 14. Bh4 Bxh2+ 15. Kh1 Bd6 16. Bxf6 gxf6 17. Rae1 Kh8 18. Re3 Rg8 19. Rh3 Rg6 20. g3 Rag8 21. Kg2 f5 22. Rfh1 R8g7 23. Qb5 Qe7 24. f4 Bxf4 25. Nf1 Bd6 26. c4 f4 27. c5 Bc7 28. Qxb7 Bd8 29. Qa6 fxg3 30. b4 Qf6 31. Nxg3 Qxd4 32. Qb5 Qd2+ 33. Kg1 Rxg3+ 34. Rxg3 Rxg3+ 35. Kf1 Rf3+ 36. Kg1 Qf2# 0-1

[Event "New Year Major 2023"]
[Site "?"]
[Date "2023.01.08"]
[Round "5"]
[White "Powell, Andrew"]
[Black "Williams, James"]
[Result "0-1"]
[WhiteElo "1023"]
[BlackElo "1232"]
[PlyCount "90"]
[SourceVersionDate "2023.01.14"]

1. d4 d5 2. Bf4 Nf6 3. e3 c5 4. c3 Bg4 5. Be2 Bxe2 6. Qxe2 e6 7. Nd2 Nc6 8. Ngf3 c4 9. O-O Bd6 10. Bxd6 Qxd6 11. e4 dxe4 12. Nxe4 Nxe4 13. Qxe4 O-O 14. Rfe1 Rfe8 15. Ne5 f5 16. Nxc4 Qd7 17. Ne5 Nxe5 18. Qxe5 Rad8 19. Re3 Re7 20. h3 b5 21. Qg3 Rf8 22. Re5 f4 23. Qd3 a6 24. Rae1 Qd6 25. Qe4 Rf6 26. Rc5 Qd7 27. Qc6 Qxc6 28. Rxc6 a5 29. Re5 b4 30. Rxa5 bxc3 31. bxc3 Rf8 32. Raa6 Kf7 33. Kf1 Rb8 34. Ke2 Rb2+ 35. Kf3 g5 36. g3 fxg3 37. fxg3 h5 38. c4 Rd2 39. Rd6 Rd3+ 40. Kf2 Rc3 41. c5 Rc4 42. a4 Rb4 43. c6 Rc4 44. a5 Rc3 45. Ra8 Rc7 0-1

[Event "New Year Major 2023"]
[Site "?"]
[Date "2023.01.08"]
[Round "4"]
[White "Philpin, Les"]
[Black "Hurn, Robert"]
[Result "1-0"]
[WhiteElo "1722"]
[BlackElo "1610"]
[PlyCount "119"]
[SourceVersionDate "2023.01.14"]

1. d4 Nf6 2. Nf3 d5 3. Bf4 c5 4. c3 Qb6 5. Qc2 Nc6 6. e3 Bf5 7. dxc5 Bxc2 8. cxb6 axb6 9. Nbd2 e6 10. Be2 Be7 11. O-O O-O 12. h3 Rfc8 13. Rfc1 Bg6 14. Ne5 Nxe5 15. Bxe5 Nd7 16. Bg3 Ra5 17. Nb3 Raa8 18. Nd2 Ra5 19. Nf3 h6 20. Ne5 Nxe5 21. Bxe5 f6 22. Bg3 Bd8 23. Bd6 Bc7 24. Bb4 Raa8 25. Rd1 Bc2 26. Rd2 Ba4 27. a3 Rd8 28. Bd1 Bc6 29. Bb3 Bd6 30. Bxd6 Rxd6 31. Rad1 Kf8 32. e4 Rad8 33. exd5 exd5 34. f3 Ke7 35. Kf2 b5 36. Rd4 b6 37. Re1+ Kf8 38. Bc2 Re8 39. Rxe8+ Bxe8 40. Bd3 Bc6 41. Rb4 Ke7 42. Bxb5 Bb7 43. Rd4 g5 44. Ba4 Ke6 45. Bc2 f5 46. g3 Ba6 47. f4 Kf6 48. Bb3 Re6 49. Bd1 Bb7 50. Bf3 Rd6 51. c4 Ke6 52. cxd5+ Bxd5 53. Bxd5+ Rxd5 54. Rxd5 Kxd5 55. fxg5 hxg5 56. h4 gxh4 57. gxh4 Ke6 58. a4 Kf6 59. b4 Kg6 60. a5 1-0

[Event "New Year Major 2023"]
[Site "?"]
[Date "2023.01.08"]
[Round "4"]
[White "Sharhorodsky, Yaroslav"]
[Black "Parsons, David"]
[Result "1/2-1/2"]
[WhiteElo "1721"]
[BlackElo "1596"]
[PlyCount "82"]
[SourceVersionDate "2023.01.14"]

1. Nf3 Nf6 2. g3 g6 3. b3 d6 4. d4 Bg7 5. Bg2 O-O 6. O-O Nbd7 7. c4 e5 8. dxe5 Nxe5 9. Nxe5 dxe5 10. Bb2 Nd7 11. Nc3 Nc5 12. Ba3 Ne6 13. Bxf8 Qxf8 14. Rc1 c6 15. Ne4 f5 16. Nd6 Rb8 17. c5 e4 18. e3 Nc7 19. Re1 Nd5 20. Bf1 Be6 21. Bc4 Be5 22. Bxd5 Bxd5 23. Nc4 Bg7 24. b4 Rd8 25. Qc2 Qe7 26. Red1 h5 27. Na3 h4 28. Qe2 hxg3 29. fxg3 Qg5 30. Nb1 Be5 31. Qf2 Rf8 32. Kf1 Qh6 33. Ke2 f4 34. gxf4 Bxf4 35. Rf1 Bd6 36. Qg2 Rxf1 37. Rxf1 Bc4+ 38. Kd1 Bxf1 39. Qxf1 Qh5+ 40. Qe2 Qd5+ 41. Qd2 Be5 1/2-1/2

[Event "New Year Major 2023"]
[Site "?"]
[Date "2023.01.08"]
[Round "4"]
[White "Norris, David"]
[Black "Peters, Chris"]
[Result "1-0"]
[WhiteElo "1468"]
[BlackElo "1537"]
[PlyCount "36"]
[SourceVersionDate "2023.01.14"]

1. e4 c5 2. Nf3 d6 3. d4 cxd4 4. Nxd4 Nf6 5. Nc3 g6 6. Be3 Bg7 7. Bb5+ Bd7 8. Bxd7+ Nbxd7 9. f3 O-O 10. Qd2 a6 11. Bh6 Bxh6 12. Qxh6 Qb6 13. O-O-O Rac8 14. h4 Rxc3 15. bxc3 Rc8 16. h5 Ne5 17. hxg6 Kh8 18. Nf5 Rg8 1-0

[Event "New Year Major 2023"]
[Site "?"]
[Date "2023.01.08"]
[Round "4"]
[White "Holland, Lyn"]
[Black "Enoch, Kristan"]
[Result "0-1"]
[WhiteElo "1443"]
[BlackElo "923"]
[PlyCount "67"]
[SourceVersionDate "2023.01.14"]

1. e4 e6 2. d4 d5 3. e5 c5 4. c3 Nc6 5. Nf3 Qb6 6. Bd3 Bd7 7. O-O cxd4 8. cxd4 Nge7 9. Nbd2 Ng6 10. Re1 Nxd4 11. b3 Bc5 12. Bb2 Nxf3+ 13. Nxf3 Bxf2+ 14. Kh1 Bxe1 15. Qxe1 O-O 16. Bd4 Qc7 17. Rc1 Qd8 18. Be3 b6 19. Qg3 Be8 20. Rf1 Rc8 21. Bd2 f6 22. exf6 Qxf6 23. h4 h6 24. h5 Nf4 25. Nh4 Nxh5 26. Qg4 Qe5 27. Re1 Ng3+ 28. Kg1 Ne4 29. Nf3 Qf5 30. Qh4 Qh5 31. Qe7 Qf7 32. Qh4 Nxd2 33. Nxd2 Qf4 34. Qh3 0-1

[Event "New Year Major 2023"]
[Site "?"]
[Date "2023.01.08"]
[Round "4"]
[White "Frame, Robert"]
[Black "Belochkin, David"]
[Result "1-0"]
[WhiteElo "1042"]
[BlackElo "1300"]
[PlyCount "79"]
[SourceVersionDate "2023.01.14"]

1. e4 e5 2. Nf3 Nc6 3. Bc4 Bc5 4. c3 Nf6 5. d4 exd4 6. e5 Ng8 7. cxd4 Bb6 8. Ng5 Bxd4 9. Nxf7 Qh4 10. Qe2 Nge7 11. Nxh8 Nxe5 12. O-O d5 13. Bb5+ c6 14. Kh1 Ng4 15. Bf4 Nxf2+ 16. Rxf2 Bxf2 17. g3 Qf6 18. Be5 Qf8 19. Bxc6+ bxc6 20. Bd6 Bd4 21. Ba3 Bf5 22. Nd2 Rb8 23. Re1 c5 24. g4 Bd7 25. Nb3 Bf6 26. Nxc5 Bc8 27. Ne6 Qxh8 28. Bxe7 Rxb2 29. Nc7+ Kf7 30. Qf3 h6 31. Qxd5+ Be6 32. Qxe6+ Kg6 33. Qf5+ Kf7 34. Ba3 Rd2 35. Re7+ Kg8 36. Re8+ Kf7 37. Rxh8 Rd1+ 38. Kg2 Rd2+ 39. Kf3 Rd1 40. Rf8# 1-0

[Event "New Year Major 2023"]
[Site "?"]
[Date "2023.01.08"]
[Round "4"]
[White "Williams, James"]
[Black "Teisar, Vince"]
[Result "0-1"]
[WhiteElo "1232"]
[BlackElo "850"]
[PlyCount "94"]
[SourceVersionDate "2023.01.14"]

1. e4 e6 2. d4 b6 3. Nf3 Bb7 4. Nc3 Bb4 5. e5 d6 6. a3 Bxc3+ 7. bxc3 dxe5 8. Nxe5 Nd7 9. Bb5 Ngf6 10. O-O O-O 11. Nxd7 Nxd7 12. Qg4 Nf6 13. Qg3 Ne4 14. Qe3 Qf6 15. f3 Nd6 16. Bd3 Rfe8 17. Qf2 Bd5 18. Re1 e5 19. Bd2 Nc4 20. Bc1 Re7 21. Be4 Bxe4 22. Rxe4 exd4 23. cxd4 Rae8 24. Rxe7 Rxe7 25. h4 Qe6 26. Kf1 Ne3+ 27. Bxe3 Qxe3 28. Qxe3 Rxe3 29. Re1 Rxe1+ 30. Kxe1 Kf8 31. Kd2 Ke7 32. Kd3 Kd6 33. Ke4 c6 34. c4 c5 35. d5 g6 36. g4 a6 37. Kf4 b5 38. cxb5 axb5 39. Ke4 b4 40. axb4 cxb4 41. Kd4 b3 42. Kc3 Kxd5 43. Kxb3 Ke5 44. Kc3 Kf4 45. Kd4 Kxf3 46. Ke5 Kxg4 47. Kf6 Kxh4 0-1

[Event "New Year Major 2023"]
[Site "?"]
[Date "2023.01.08"]
[Round "4"]
[White "Hollyman, Mike"]
[Black "Powell, Andrew"]
[Result "1-0"]
[WhiteElo "1442"]
[BlackElo "1023"]
[PlyCount "105"]
[SourceVersionDate "2023.01.14"]

1. c4 e5 2. Nc3 Nf6 3. g3 Bb4 4. Bg2 Bxc3 5. bxc3 Nc6 6. e4 d6 7. Ne2 O-O 8. O-O Be6 9. d3 h6 10. f4 Bg4 11. f5 a6 12. h3 Bxe2 13. Qxe2 Kh7 14. g4 b5 15. g5 Ng8 16. cxb5 axb5 17. Be3 Ra3 18. Qb2 b4 19. gxh6 Nxh6 20. cxb4 Rxd3 21. Rf3 Nd4 22. Rg3 Qh4 23. Qf2 Qh5 24. Bf1 Rc3 25. Rg5 Qf3 26. Bxd4 exd4 27. Qxf3 Rxf3 28. Rd1 f6 29. Rg2 d3 30. Rxd3 Rxd3 31. Bxd3 Nf7 32. Rc2 Rc8 33. Ba6 Re8 34. Rxc7 Ng5 35. Bb7 Nxe4 36. Bxe4 Rxe4 37. a3 Re3 38. a4 Rxh3 39. a5 Ra3 40. Rc6 Ra4 41. Rb6 d5 42. a6 d4 43. b5 d3 44. Kf2 Ra2+ 45. Ke1 Kh6 46. Rb7 Kg5 47. Rd7 Re2+ 48. Kd1 Re5 49. a7 Re8 50. b6 Kxf5 51. b7 Ke6 52. b8=Q Rxb8 53. axb8=Q 1-0

[Event "New Year Major 2023"]
[Site "?"]
[Date "2023.01.07"]
[Round "3"]
[White "Hurn, Robert"]
[Black "Sharhorodsky, Yaroslav"]
[Result "1/2-1/2"]
[WhiteElo "1610"]
[BlackElo "1722"]
[PlyCount "83"]
[SourceVersionDate "2023.01.14"]

1. d4 Nf6 2. c4 e6 3. Nc3 Bb4 4. e3 b6 5. Nge2 Bb7 6. a3 Bxc3+ 7. Nxc3 Ne4 8. Qc2 f5 9. b4 d6 10. Bb2 Nd7 11. O-O-O O-O 12. f3 Nxc3 13. Qxc3 Qe7 14. Bd3 a5 15. b5 e5 16. d5 Nc5 17. Bc2 f4 18. e4 Qg5 19. Qd2 Rf6 20. h4 Qh5 21. Rdg1 Rg6 22. Kb1 Rg3 23. Bc3 Rf8 24. Qe2 Rf6 25. Be1 Rgg6 26. a4 Rh6 27. Kb2 Qf7 28. Ka3 Bc8 29. Qd2 Rh5 30. Bd1 Qe7 31. Bc2 Rf7 32. Qe2 Nd7 33. g4 fxg3 34. Bxg3 Rh6 35. Bf2 Rhf6 36. Rg3 Qf8 37. Bd1 Qe7 38. Be3 h6 39. Qd2 Kh7 40. h5 Nf8 41. Rhg1 Bd7 42. Qg2 1/2-1/2

[Event "New Year Major 2023"]
[Site "?"]
[Date "2023.01.07"]
[Round "3"]
[White "Enoch, Kristan"]
[Black "Parsons, David"]
[Result "0-1"]
[WhiteElo "923"]
[BlackElo "1597"]
[PlyCount "100"]
[SourceVersionDate "2023.01.15"]

1. e4 e5 2. Nf3 d6 3. Bc4 Be7 4. d3 Nf6 5. h3 Nbd7 6. Bg5 O-O 7. Nc3 c6 8. O-O h6 9. Bh4 Nc5 10. Re1 Ne6 11. a3 Nf4 12. Bb3 N6h5 13. Bxe7 Qxe7 14. Qd2 Qf6 15. Ne2 Nxh3+ 16. gxh3 Qxf3 17. Qe3 Qxe3 18. fxe3 Bxh3 19. d4 Rae8 20. Ba4 b5 21. Bb3 Be6 22. d5 cxd5 23. exd5 Bd7 24. Nc3 f5 25. e4 f4 26. a4 a6 27. axb5 axb5 28. Ra6 Rf6 29. Ra7 Rg6+ 30. Kf2 Bh3 31. Rh1 Rg2+ 32. Kf3 Rg3+ 33. Kf2 Bg4 34. Nxb5 Nf6 35. Nxd6 Rd8 36. Ra6 Rxd6 37. Rxd6 Nxe4+ 38. Ke1 Nxd6 39. Rh4 Bf3 40. c4 Bxd5 41. cxd5 Rxb3 42. Kd2 Rxb2+ 43. Ke1 Rb5 44. Kf2 Rxd5 45. Rg4 g5 46. Kf3 e4+ 47. Kg2 h5 48. Rxg5+ Rxg5+ 49. Kf2 h4 50. Ke2 h3 0-1

[Event "New Year Major 2023"]
[Site "?"]
[Date "2023.01.07"]
[Round "3"]
[White "Teisar, Vince"]
[Black "Binesmael, Mohamed"]
[Result "0-1"]
[WhiteElo "850"]
[BlackElo "1548"]
[PlyCount "32"]
[SourceVersionDate "2023.01.15"]

1. d4 Nf6 2. Nc3 e6 3. e4 Bb4 4. Bd2 Bxc3 5. Bxc3 Nxe4 6. Bd3 Nxc3 7. bxc3 b6 8. Qf3 Nc6 9. Qe2 Bb7 10. Ba6 Nxd4 11. cxd4 Bxg2 12. Qg4 Bxh1 13. Qxg7 Rf8 14. O-O-O Qe7 15. Kb2 Qb4+ 16. Ka1 Bd5 0-1

[Event "New Year Major 2023"]
[Site "?"]
[Date "2023.01.07"]
[Round "3"]
[White "Peters, Chris"]
[Black "Hollyman, Mike"]
[Result "1-0"]
[WhiteElo "1537"]
[BlackElo "1442"]
[PlyCount "83"]
[SourceVersionDate "2023.01.17"]

1. e4 c6 2. d4 d5 3. e5 Bf5 4. Nf3 e6 5. Bd3 Bxd3 6. Qxd3 Nd7 7. O-O h6 8. Nbd2 Ne7 9. a4 c5 10. dxc5 Nc6 11. Nb3 Qc7 12. Bf4 g5 13. Bg3 g4 14. Nfd4 Ncxe5 15. Qe2 Bg7 16. Nb5 Qc6 17. Nd6+ Ke7 18. Rfe1 f6 19. Rad1 Nxc5 20. Bxe5 fxe5 21. Nxc5 Qxc5 22. Nb5 e4 23. Qxg4 Rag8 24. Qf4 Rc8 25. c3 a6 26. Nd4 Rcf8 27. Qg4 Bxd4 28. cxd4 Qc2 29. Qg7+ Ke8 30. Rc1 Qxf2+ 31. Kh1 Qf7 32. Rc8+ Kd7 33. Qxf7+ Rxf7 34. Rxh8 Rf2 35. Rh7+ Kc6 36. Rc1+ Kb6 37. a5+ Ka7 38. Rxh6 e3 39. Kg1 Rxb2 40. Rxe6 e2 41. Re1 Rd2 42. R6xe2 1-0

[Event "New Year Major 2023"]
[Site "?"]
[Date "2023.01.07"]
[Round "3"]
[White "Belochkin, David"]
[Black "Powell, Andrew"]
[Result "0-1"]
[WhiteElo "1300"]
[BlackElo "1023"]
[PlyCount "83"]
[SourceVersionDate "2023.01.17"]

1. d4 d5 2. Bf4 e6 3. Nf3 Nf6 4. e3 Bd6 5. Bg3 Nc6 6. c3 O-O 7. Bd3 Re8 8. Ne5 Bd7 9. Nd2 a6 10. f4 b5 11. O-O Rb8 12. b4 a5 13. a3 a4 14. Qe2 Na7 15. Ndf3 h6 16. Bh4 Be7 17. h3 Nc8 18. Nxd7 Nxd7 19. Bxe7 Nxe7 20. Bxb5 Ra8 21. Ne5 c6 22. Nxc6 Nxc6 23. Bxc6 Ra7 24. Qc2 Qc7 25. Bxa4 Rc8 26. Rfc1 Nb6 27. Bb5 Nc4 28. Bxc4 Qxc4 29. a4 Rb8 30. Rcb1 Rc7 31. Ra3 Rbc8 32. Rbb3 f5 33. b5 Rb7 34. b6 Rc6 35. a5 Qa6 36. Kf2 Kf7 37. Qe2 Qxe2+ 38. Kxe2 Ke7 39. a6 Rbxb6 40. Rxb6 Rxb6 41. a7 Rb2+ 42. Kf3 0-1

[Event "New Year Major 2023"]
[Site "?"]
[Date "2023.01.07"]
[Round "2"]
[White "Binesmael, Mohamed"]
[Black "Philpin, Les"]
[Result "0-1"]
[WhiteElo "1548"]
[BlackElo "1722"]
[PlyCount "120"]
[SourceVersionDate "2023.01.17"]

1. e4 e6 2. d4 d5 3. e5 h6 4. Nf3 c5 5. c4 Nc6 6. Bf4 cxd4 7. Nbd2 Bb4 8. a3 Bxd2+ 9. Qxd2 Nge7 10. Bd3 b6 11. b4 a6 12. O-O dxc4 13. Bxc4 b5 14. Bd3 Nd5 15. Bg3 Qb6 16. Rac1 Nc3 17. Rfe1 Bb7 18. Nxd4 Qxd4 19. Rxc3 Rd8 20. Rd1 Qb6 21. Qf4 Rd4 22. Qe3 Qd8 23. h3 Rd7 24. Rdc1 O-O 25. Qe4 g6 26. Bh4 Ne7 27. Qe3 g5 28. Bg3 Nf5 29. Bxf5 exf5 30. f4 Rd1+ 31. Kh2 Qd5 32. R1c2 Rd8 33. Be1 Rd3 34. Rxd3 Qxd3 35. Qxd3 Rxd3 36. fxg5 hxg5 37. Rc7 Be4 38. Rc8+ Kg7 39. Bc3 Kg6 40. Kg1 f4 41. Kf2 Rg3 42. Rg8+ Kh7 43. Rf8 Rxc3 44. Rxf7+ Kg8 45. Rf6 Rc2+ 46. Ke1 Rc6 47. e6 Rc7 48. Kd1 Kg7 49. e7 Rxe7 50. Rxa6 Bxg2 51. Rb6 Bf1 52. Rd6 f3 53. Rd5 Kf6 54. Rd6+ Re6 55. Rd8 Ke5 56. h4 gxh4 57. Rh8 h3 58. Rh5+ Kf4 59. Rh8 Bg2 60. Rb8 h2 0-1

[Event "New Year Major 2023"]
[Site "?"]
[Date "2023.01.07"]
[Round "2"]
[White "Sharhorodsky, Yaroslav"]
[Black "Peters, Chris"]
[Result "1-0"]
[WhiteElo "1721"]
[BlackElo "1537"]
[PlyCount "53"]
[SourceVersionDate "2023.01.18"]

1. Nf3 Nf6 2. g3 g6 3. Bg2 d5 4. b3 c5 5. Bb2 Nc6 6. Ne5 Bg7 7. Nxc6 bxc6 8. c4 O-O 9. d3 Bf5 10. O-O Qd7 11. Nc3 Bh3 12. Na4 Bxg2 13. Kxg2 Qf5 14. Rc1 d4 15. Ba3 Bh6 16. Rb1 Nd7 17. Qe1 Rfe8 18. Qa5 e5 19. f3 e4 20. fxe4 Qg4 21. Qe1 Re5 22. h3 Qg5 23. Bc1 Qh5 24. g4 Rg5 25. Qg3 Ne5 26. gxh5 Rxg3+ 27. Kxg3 1-0